000 01079nmc a2200361 a 4500
003 AR-BaBNM
005 20251128205349.0
008 011101s1994 ||||||||||||||000 | spa||
020 _a84-7774-429-7
040 _cAR-BaBNM
100 1 _aKamii, Constance Kazuko
245 1 0 _aEl niño reinventa la aritmética
_bimplicaciones de la teoría de Piaget
250 _a4ª ed.
260 _aMadrid
_bVisor
_c1994
300 _a248 p.
_bdiagr., tablas
490 0 _aAprendizaje
_vv. 29
504 _aBibliografía: p. 245-248
600 1 4 _aPiaget, Jean
650 4 _aENSENANZA DE LAS MATEMATICAS
650 4 _aTEORIA DE LOS NUMEROS
650 4 _aPSICOLOGIA EVOLUTIVA
650 4 _aMETODOS DE ENSENANZA
650 4 _aINTERACCION SOCIAL
650 4 _aJUEGOS EDUCATIVOS
650 4 _aELABORACION DE PRUEBAS
650 4 _aPRUEBAS DE CONOCIMIENTOS
700 1 _aInhelder, Bärbel
_eprologuista
700 1 _aSánchez Barberán, Genís
_etraductor
800 1 _aAlvarez, Amelia
_edirector
800 1 _aDel Río, Pablo
_edirector
942 _cBK
998 _cSILVI
999 _c11103
_d11103